Osiedla i sołectwa Kalisza - Statystyki

Ogólne statystyki
  • Ten quiz został rozwiązany 193 razy
  • Średni wynik to 14 z 26
Statystyki odpowiedzi
Typ jednostki Nazwa jednostki % Poprawnych
Sołectwo Dobrzec
89%
Osiedle Dobrzec P
89%
Osiedle Dobrzec W
89%
Osiedle Śródmieście I
76%
Osiedle Śródmieście II
76%
Osiedle Majków
74%
Osiedle Winiary
69%
Osiedle Zagorzynek
64%
Osiedle Czaszki
60%
Osiedle Tyniec
60%
Osiedle Kaliniec
55%
Osiedle Korczak
52%
Osiedle Asnyka
50%
Sołectwo Sulisławice
50%
Sołectwo Sulisławice Kolonia
50%
Osiedle Rypinek
47%
Osiedle Widok
44%
Osiedle Szczypiorno
42%
Osiedle Chmielnik
41%
Osiedle Piwonice
40%
Osiedle Rajsków
40%
Osiedle Ogrody
37%
Osiedle Dobro
31%
Osiedle Piskorzewie
30%
Osiedle Serbinów
30%
Osiedle Rogatka
27%
Nie znaleziono quizów pasujących do podanych kryteriów
Rozkład punktacji
Procent ludzi z każdym wynikiem
Percentyl według liczby udzielonych odpowiedzi
Twoja historia wyników
Nie rozwiązałeś tego quizu